Allocation of attention, reading skills, and deafness (Record no. 62242)
[ view plain ]
| 000 -CABECERA | |
|---|---|
| campo de control de longitud fija | 00716nam a2200277 a 4500 |
| 005 - FECHA Y HORA DE LA ÚLTIMA TRANSACCIÓN | |
| campo de control | 20210219152847.0 |
| 008 - ELEMENTOS DE LONGITUD FIJA--INFORMACIÓN GENERAL | |
| campo de control de longitud fija | 991125n 000 0 eng u |
| 035 ## - NÚMERO DE CONTROL DEL SISTEMA | |
| Número de control de sistema | UPN01000063632 |
| 100 1# - ASIENTO PRINCIPAL--NOMBRE PERSONAL | |
| Nombre de persona | Parasnis, Ila |
| 222 #0 - TÍTULO CLAVE | |
| Título clave | BRAIN AND LANGUAGE |
| 245 00 - MENCIÓN DE TÍTULO | |
| Título | Allocation of attention, reading skills, and deafness |
| 260 ## - PUBLICACIÓN, DISTRIBUCIÓN, ETC. | |
| Lugar de publicación, distribución, etc. | EUA |
| 300 ## - DESCRIPCIÓN FÍSICA | |
| Extensión | 583-596 |
| 362 0# - FECHAS DE PUBLICACIÓN Y/O DESIGNACIÓN SECUENCIAL | |
| Fecha de publicación y/o designación secuencial | 1992 Vol. 43, No. 4 nov. |
| 653 0# - TERMINO DE INDIZACION - NO CONTROLADO | |
| Término no controlado | FONOLOGIA |
| 653 0# - TERMINO DE INDIZACION - NO CONTROLADO | |
| Término no controlado | HABILIDAD LECTORA |
| 653 0# - TERMINO DE INDIZACION - NO CONTROLADO | |
| Término no controlado | JOVENES |
| 653 0# - TERMINO DE INDIZACION - NO CONTROLADO | |
| Término no controlado | LENGUAJE |
| 653 0# - TERMINO DE INDIZACION - NO CONTROLADO | |
| Término no controlado | NIÑOS |
| 653 0# - TERMINO DE INDIZACION - NO CONTROLADO | |
| Término no controlado | PROCESO ENSEÑANZA-APRENDIZAJE |
| 653 0# - TERMINO DE INDIZACION - NO CONTROLADO | |
| Término no controlado | PRUEBAS EDUCATIVAS |
| 653 0# - TERMINO DE INDIZACION - NO CONTROLADO | |
| Término no controlado | PRUEBAS PSICOLOGICAS |
| 653 0# - TERMINO DE INDIZACION - NO CONTROLADO | |
| Término no controlado | SINTAXIS |
| 904 ## - ELEMENTOS DE DATOS D LOCAL, LDD (RLIN) | |
| a | AC |
| b | 001443 |
| 905 ## - TIPO DE MATERIAL | |
| Tipo de material | Articulo |
No items available.
